Real estate economics

Bibliographic Details
Format: Book
Published: An Arbor, MI : American Real Estate and Urban Economics Association , 2005
Subjects:

MARC

LEADER 00000cam a2200000 7i4500
001 0000020142
005 20080722.0
020 |a 1080-8620 
040 |a INS 
090 0 0 |a HD251   |b R44 
245 0 0 |a Real estate economics 
260 |a An Arbor, MI :   |b American Real Estate and Urban Economics Association ,   |c 2005 
300 |a 1 v. (Various pagings) :   |b ill. ;   |c 23cm. 
500 |a Includes bibliography references 
650 0 0 |a Real estate business 
650 0 0 |a Urban economics 
999 |a SER0000821   |b BOOK   |c Open Shelf   |e Default branch 
999 |a SER0000822   |b BOOK   |c Open Shelf   |e Default branch 
999 |a SER0001458   |b BOOK   |c Open Shelf   |e Default branch 
999 |a SER0001722   |b BOOK   |c Open Shelf   |e Default branch 
999 |a SER0002247   |b BOOK   |c Open Shelf   |e Default branch 
999 |a SER0006641   |b BOOK   |c Open Shelf   |e Default branch 
999 |a SER0006949   |b BOOK   |c Open Shelf   |e Default branch 
999 |a SER0007052   |b BOOK   |c Open Shelf   |e Default branch 
999 |a SER0007134   |b BOOK   |c Open Shelf   |e Default branch 
999 |a SER0007135   |b BOOK   |c Open Shelf   |e Default branch 
999 |a SER0007199   |b BOOK   |c Open Shelf   |e Default branch 
999 |a SER0007252   |b BOOK   |c Open Shelf   |e Default branch 
999 |a SER0007470   |b BOOK   |c Open Shelf   |e Default branch 
999 |a SER0007471   |b BOOK   |c Open Shelf   |e Default branch